| 000 | 00947cam a22002411 4500 | ||
|---|---|---|---|
| 001 | e 57000035 | ||
| 003 | DLC | ||
| 005 | 20260227111236.0 | ||
| 008 | 800130s1957 dcu 000 0 eng | ||
| 010 | _ae 57000035 | ||
| 035 | _a(OCoLC)5927588 | ||
| 040 |
_aDLC _cArU _dOCoLC _dOrPS _dDLC |
||
| 042 | _apremarc | ||
| 050 | 0 | 0 |
_aL111 _b.A6 1957, no. 22 |
| 100 | 1 |
_aBrewster, Royce Edwin, _d1899- |
|
| 245 | 1 | 0 | _aGuidance workers certification requirements. |
| 260 |
_a[Washington] _bU.S. Dept. of Health, Education, and Welfare, Office of Education _c[1957] |
||
| 300 |
_avi, 58 p. _c24 cm. |
||
| 490 | 0 |
_aU. S. Office of Education. Bulletin 1957, _vno. 22 |
|
| 501 |
_aCopies 1 and 2 of L111.A6 with: Conservation experiences for children / Effie G. Bathurst and Wihelmina Hill. Washington : Govt. Print. Off., 1957. Bound together subsequent to publication. _5DLC |
||
| 650 | 0 | _aEducational counseling. | |
| 650 | 0 |
_aTeachers _xCertification. |
|
| 999 |
_c22278 _d22278 |
||